<?xml version="1.0" encoding="UTF-8"?>
<record
    xmlns:xsi="http://www.w3.org/2001/XMLSchema-instance"
    xsi:schemaLocation="http://www.loc.gov/MARC21/slim http://www.loc.gov/standards/marcxml/schema/MARC21slim.xsd"
    xmlns="http://www.loc.gov/MARC21/slim">

  <leader>00294nam a22001217a 4500</leader>
  <datafield tag="040" ind1=" " ind2=" ">
    <subfield code="c">SK</subfield>
  </datafield>
  <datafield tag="082" ind1=" " ind2=" ">
    <subfield code="a">616</subfield>
  </datafield>
  <datafield tag="100" ind1=" " ind2=" ">
    <subfield code="a">&#x1796;&#x17D2;&#x179A;&#x17C6; &#x178A;&#x1793;</subfield>
  </datafield>
  <datafield tag="245" ind1=" " ind2=" ">
    <subfield code="a">Non infectious disease; &#x1787;&#x17C6;&#x1784;&#x17BA;&#x1798;&#x17B7;&#x1793;&#x1786;&#x17D2;&#x179B;&#x1784;&#x179F;&#x178F;&#x17D2;&#x179C;</subfield>
  </datafield>
  <datafield tag="260" ind1=" " ind2=" ">
    <subfield code="a">RUA</subfield>
    <subfield code="b">&#x1796;&#x17D2;&#x179A;&#x17C6;</subfield>
    <subfield code="c">2011</subfield>
  </datafield>
  <datafield tag="300" ind1=" " ind2=" ">
    <subfield code="a">78p.</subfield>
  </datafield>
  <datafield tag="942" ind1=" " ind2=" ">
    <subfield code="c">KB</subfield>
  </datafield>
  <datafield tag="999" ind1=" " ind2=" ">
    <subfield code="c">8944</subfield>
    <subfield code="d">8944</subfield>
  </datafield>
  <datafield tag="952" ind1=" " ind2=" ">
    <subfield code="0">0</subfield>
    <subfield code="1">0</subfield>
    <subfield code="4">0</subfield>
    <subfield code="6">616_000000000000000_&#x1796;&#x179A;&#x17C6;_2011_C250</subfield>
    <subfield code="7">0</subfield>
    <subfield code="9">50150</subfield>
    <subfield code="a">LBC</subfield>
    <subfield code="b">LBC</subfield>
    <subfield code="c">C250</subfield>
    <subfield code="d">2016-08-19</subfield>
    <subfield code="o">616 &#x1796;&#x17D2;&#x179A;&#x17C6; 2011 C250</subfield>
    <subfield code="p">RUA043199</subfield>
    <subfield code="r">2016-08-19</subfield>
    <subfield code="y">KB</subfield>
  </datafield>
</record>
